Teatro en estudio selección de dramaturgia Bogotana (Registro nro. 92827)

Detalles MARC
000 -ENCABEZADO
Número de control [NR] 01283nam a22003017a 4500
008 - DE LONGITUD FIJA DE DATOS DE ELEMENTOS - INFORMACIÓN GENERAL
Elementos de longitud fija [NR] 130821s2008 ck a gr spa
020 ## - NUMERO INTERNACIONAL NORMALIZADO PARA LIBROS [R]
Número Internacional Normalizado del libro [NR] 9789589880500
040 ## - FUENTE DE CATALOGACION [NR]
Agencia de catalogación original [NR] Co-BoUCM
Idioma de catalogación [NR] spa
041 00 - CODIGO DE IDIOMA [R]
Código de idioma para texto/pista de sonido o título separado [R] Español
100 1# - ASIENTO PRINCIPAL--NOMBRE PERSONAL [NR]
Nombre personal [NR] Rozo Flórez, Pedro Miguel
ID Autoridad 126033
245 10 - MENCION DE TITULO [NR]
Título [NR] Teatro en estudio selección de dramaturgia Bogotana
Mención de responsabilidad, etc. [NR] Pedro Miguel Rozo Flórez, Natasha Díaz, Camilo Ramírez Triana.
260 ## - PUBLICACION, DISTRIBUCION, ETC. (PIE DE IMPRENTA) [R]
Lugar de publicación, distribución, etc. [R] Bogotá (Colombia)
Nombre del editor, distribuidor, etc. [R] Alcaldía Mayor de Bogotá
Fecha de publicación, distribución, etc. [R] 2008
300 ## - DESCRIPCION FISICA [R]
Extensión [R] 272 páginas
Otros detalles físicos [NR] ilustraciones
490 #0 - MENCION DE SERIE [R]
Mención de serie [R] Colección Teatro en Estudio
500 ## - NOTA GENERAL [R]
Nota general [NR] Concurso Distrital de Dramaturgía 2008
504 ## - NOTA DE BIBLIOGRAFIA, ETC. [R]
Nota de bibliografía, etc. [NR]
650 04 - ASIENTO SECUNDARIO DE MATERIA - TERMINO TEMATICO [R]
Término temático o nombre geográfico como elemento de entrada [NR] Arte
9 (RLIN) 9444
650 04 - ASIENTO SECUNDARIO DE MATERIA - TERMINO TEMATICO [R]
Término temático o nombre geográfico como elemento de entrada [NR] Dramaturgia
Subdivisión geográfica [R] Colombia
Subdivisión de forma [R] Colecciones de escritos
9 (RLIN) 13583
650 04 - ASIENTO SECUNDARIO DE MATERIA - TERMINO TEMATICO [R]
Término temático o nombre geográfico como elemento de entrada [NR] Literatura colombiana
9 (RLIN) 18629
650 04 - ASIENTO SECUNDARIO DE MATERIA - TERMINO TEMATICO [R]
Término temático o nombre geográfico como elemento de entrada [NR] Literatura colombiana
Subdivisión de forma [R] Colecciones de escritos
9 (RLIN) 102793
650 04 - ASIENTO SECUNDARIO DE MATERIA - TERMINO TEMATICO [R]
Término temático o nombre geográfico como elemento de entrada [NR] Teatro colombiano
Subdivisión de forma [R] Colecciones de escritos
9 (RLIN) 25057
700 1# - ASIENTO SECUNDARIO - NOMBRE PERSONAL [R]
Nombre personal [NR] Díaz, Natasha
9 (RLIN) 172030
700 1# - ASIENTO SECUNDARIO - NOMBRE PERSONAL [R]
Nombre personal [NR] Ramírez Triana, Camilo
9 (RLIN) 172031
710 1# - ASIENTO SECUNDARIO - NOMBRE CORPORATIVO [R]
Nombre corporativo o de jurisdicción como elemento de entrada [NR] Bogotá (Colombia).
Unidad subordinada [R] Alcaldía Mayor.
-- Secretaría de Cultura, Recreación y Deporte
9 (RLIN) 167377
710 2# - ASIENTO SECUNDARIO - NOMBRE CORPORATIVO [R]
Nombre corporativo o de jurisdicción como elemento de entrada [NR] Orquesta Filarmónica de Bogotá
9 (RLIN) 172032
942 ## - ELEMENTOS DE ENTRADA AGREGADOS (KOHA)
Tipo de ítem principal el descrito en 300a Libro
Tema principal Literatura
Edición 1
Prefijo de la signatura top. (colección) Literatura - Colombia
Parte restante de la signatura top. R893t
Sistema de clasificación DEWEY
Clasificación 862.08
Existencias
Fecha de último préstamo Total préstamos Total Renewals Signatura topográfica Código de barras Última vez visto Ejemplar Price effective from Tipo de ítem Perdido Sistema de clasificación Dañado No prestable Tipo de ítem específico Suprimido Ubicación habitual Ubicación actual Localización Fecha de creación Forma de adquisición Costo
20/03/2018 2 4 C 862.08 R893t 100099979 10/12/2025 Ej.1 03/02/2013 Libro   DEWEY     Libro   Bodega Bodega 5to piso 30/09/2009 Donación 26000.00